Statistics for Largest Cities in the U.S. Southwest on a Map

Click here to take the quiz!

General Stats

  • This quiz has been taken 1,468 times
  • The average score is 11 of 24

Answers on the Map

Answers color-coded by a green-red scale on the quiz's map according to % correct below.
 

Answer Stats

PopulationCity% Correct
12,150,996Los Angeles
98%
3,629,114Phoenix
98%
1,886,011Las Vegas
97%
2,956,746San Diego
97%
803,086El Paso
91%
741,318Albuquerque
89%
843,168Tucson
84%
654,628Fresno
69%
523,994Bakersfield
59%
1,932,666Riverside
57%
195,861Santa Barbara
47%
128,600Las Cruces
45%
135,267Yuma
44%
128,124Grand Junction
32%
367,260Oxnard
26%
258,653Santa Clarita
20%
341,219Lancaster
19%
130,447Santa Maria
15%
214,811Thousand Oaks
11%
345,580Indio
9%
328,454Victorville
9%
197,041Avondale
6%
163,379Hemet
4%
583,681Mission Viejo
4%

Score Distribution

Percentile by Number Answered

Percent of People with Each Score

Your Score History

You have not taken this quiz